[Event "AUTO-BEG-284"]
[Site "http://www.queenalice.com/game.php?id=526522"]
[Date "2009.1.21"]
[Round "1"]
[White "fernando2008"]
[Black "Tropalov"]
[Result "0-1"]
[WhiteElo "1524"]
[BlackElo "1419"]

1. d4 d5 2. Nc3 Nf6 3. Be3 Bf5 4. Nf3 Nc6 5. a3 e6 6. g3 Bd6 7. Nb5 O-O 8. Nxd6
cxd6 9. Bg5 h6 10. Be3 Qb6 11. Bg2 Qxb2 12. O-O Qxc2 13. Qxc2 Bxc2 14. Bf4 Rfd8
15. Ne1 Nxd4 16. Nxc2 Nxc2 17. Ra2 Nd4 18. Rc1 b6 19. Bf1 Nb3 20. Rc3 Nc5 21. e3
e5 22. Bxe5 dxe5 0-1

[Event "AUTO-BEG-284"]
[Site "http://www.queenalice.com/game.php?id=526539"]
[Date "2009.1.21"]
[Round "1"]
[White "fernando2008"]
[Black "dwrogers"]
[Result "1-0"]
[WhiteElo "1459"]
[BlackElo "1407"]

1. e4 e5 2. Nf3 Nc6 3. Nc3 d6 4. Bc4 Bg4 5. d3 f6 6. Bd2 Nd4 7. Nb5 Nxb5 8.
Bxb5+ c6 9. Ba4 Qb6 10. O-O Qxb2 11. Qb1 Qxb1 12. Raxb1 O-O-O 13. Nh4 d5 14. Ba5
b6 15. h3 bxa5 16. Bxc6 Ne7 17. Bb7+ Kc7 18. hxg4 Rb8 19. Ba6 Rxb1 20. Rxb1 Ng6
21. Nxg6 hxg6 22. exd5 Kd6 23. Rb8 Kxd5 24. Bb7+ Kd4 25. Ra8 Kc5 26. Be4 g5 27.
Rxa7 Kb4 28. c4 a4 29. Ra8 a3 30. f3 g6 31. Bxg6 Bg7 32. Rxh8 Bxh8 33. Bf5 Kc3
34. c5 Kb2 35. Be6 1-0

[Event "AUTO-BEG-284"]
[Site "http://www.queenalice.com/game.php?id=526540"]
[Date "2009.1.21"]
[Round "1"]
[White "dwrogers"]
[Black "fernando2008"]
[Result "0-1"]
[WhiteElo "1402"]
[BlackElo "1480"]

1. e4 d5 2. Nc3 dxe4 3. Nxe4 f5 4. Nc3 e5 5. d3 f4 6. Qe2 Nc6 7. Nf3 Bd6 8. Nb5
Bc5 9. Nxe5 Qe7 10. d4 Nxd4 11. Nxd4 Bxd4 12. Nf3 Qxe2+ 13. Bxe2 Bc5 14. Bxf4
Be6 15. Bxc7 Ne7 16. Bb5+ Bd7 17. Bxd7+ Kxd7 18. Bg3 Rhf8 19. O-O-O+ Ke8 20. Ng5
Bxf2 21. Bxf2 Rxf2 22. Rhg1 Rc8 23. Rge1 Rcxc2+ 24. Kb1 Rxb2+ 25. Ka1 Rxa2+ 26.
Kb1 h6 27. Ne4 Rxg2 28. Nd6+ Kf8 29. Rf1+ Kg8 30. Rfe1 Rab2+ 31. Ka1 Nc6 32.
Re8+ Kh7 33. Nf7 Na5 34. Rh8+ Kg6 35. Ne5+ Kh5 36. Rd3 Rbe2 37. Nf3 Ra2+ 38. Kb1
Rgb2+ 39. Kc1 Nb3+ 40. Kd1 Ra1# 0-1

[Event "AUTO-BEG-284"]
[Site "http://www.queenalice.com/game.php?id=526541"]
[Date "2009.1.21"]
[Round "1"]
[White "fernando2008"]
[Black "AILA_AILI"]
[Result "0-1"]
[WhiteElo "1507"]
[BlackElo "1105"]

1. d4 d5 2. Nf3 Nc6 3. g3 Bf5 4. Bg2 e6 5. Nc3 Bb4 6. O-O Be4 7. Nxe4 Nf6 8.
Nxf6+ Qxf6 9. Bg5 Qf5 10. a3 Bd6 11. Qd2 f6 12. Nh4 Qxg5 13. e3 O-O 14. Qd3 e5
15. Bxd5+ Kh8 16. Be4 g6 17. Nf3 Qg4 18. Kg2 f5 19. h3 Qxe4 20. dxe5 Nxe5 21.
Qxe4 fxe4 22. Nxe5 Bxe5 0-1

[Event "AUTO-BEG-284"]
[Site "http://www.queenalice.com/game.php?id=526542"]
[Date "2009.1.21"]
[Round "1"]
[White "AILA_AILI"]
[Black "fernando2008"]
[Result "1-0"]
[WhiteElo "1135"]
[BlackElo "1477"]

1. e4 d5 2. Nf3 Nf6 3. exd5 Nxd5 4. Bc4 e6 5. Bxd5 exd5 6. Qe2+ Qe7 7. d4 Bf5 8.
Be3 g6 9. Qb5+ c6 10. Qe2 Na6 11. Nc3 Bg7 12. O-O O-O 13. Rae1 Nb4 14. Bg5 Qxe2
15. Rxe2 Bxc2 16. Be7 Rfe8 17. Bxb4 Bd3 18. Rxe8+ Rxe8 19. Rd1 Re2 20. b3 Rb2
21. Rxd3 b6 22. Re3 1-0

[Event "AUTO-INT-1226"]
[Site "http://www.queenalice.com/game.php?id=549630"]
[Date "2009.3.3"]
[Round "1"]
[White "DrIgO"]
[Black "fernando2008"]
[Result "1-0"]
[WhiteElo "1607"]
[BlackElo "1573"]

1. d4 d5 2. g3 g6 3. Bg2 Nf6 4. Nf3 Bg7 5. Ne5 Be6 6. O-O O-O 7. e3 Qd6 8. Nc3
c6 9. e4 dxe4 10. Nxe4 Nxe4 11. Bxe4 Bxe5 12. dxe5 Qxe5 13. Re1 Na6 14. Bf4 Qh5
15. Qd4 Rfd8 16. Qe3 Nb4 17. Bf3 Qh3 18. Rac1 Nxa2 19. Rcd1 Bf5 20. Qxe7 Rd7 21.
Rxd7 Bxd7 22. Qf6 Re8 23. Rxe8+ Bxe8 24. Be5 Qh6 25. Qh8# 1-0

[Event "AUTO-INT-1226"]
[Site "http://www.queenalice.com/game.php?id=549631"]
[Date "2009.3.3"]
[Round "1"]
[White "fernando2008"]
[Black "DrIgO"]
[Result "0-1"]
[WhiteElo "1547"]
[BlackElo "1647"]

1. d4 d5 2. Nf3 b6 3. Nc3 Ba6 4. e3 Bxf1 5. Rxf1 f5 6. Ng5 e5 7. Nb5 Qxg5 8.
Nxc7+ Kd8 9. Nxa8 Nf6 10. g3 Bb4+ 11. Bd2 Nc6 12. h4 Qg6 13. a3 Bxd2+ 14. Qxd2
Ne4 15. Qd3 Nxg3 16. fxg3 Qxg3+ 17. Rf2 Qg1+ 18. Rf1 Qg3+ 19. Kd1 e4 20. Qb5 Ne7
21. Kd2 f4 22. exf4 e3+ 23. Kc1 g5 24. fxg5 h5 0-1

[Event "AUTO-INT-1226"]
[Site "http://www.queenalice.com/game.php?id=549642"]
[Date "2009.3.3"]
[Round "1"]
[White "ploofy"]
[Black "fernando2008"]
[Result "0-1"]
[WhiteElo "1368"]
[BlackElo "1454"]

1. e4 e5 2. Nf3 Qe7 3. g3 g6 4. Bg2 Nf6 5. d3 Bg7 6. O-O O-O 7. c3 c5 8. a3 d6
9. b4 Na6 10. Bd2 Bg4 0-1

[Event "AUTO-INT-1226"]
[Site "http://www.queenalice.com/game.php?id=549643"]
[Date "2009.3.3"]
[Round "1"]
[White "fernando2008"]
[Black "ploofy"]
[Result "1-0"]
[WhiteElo "1468"]
[BlackElo "1353"]

1. e4 e5 2. Nf3 d6 3. g3 g6 4. Bc4 Nf6 5. Ng5 Bh6 6. d3 O-O 7. Nxf7 Rxf7 8. Bxh6
c6 9. Bxf7+ Kxf7 10. Qf3 Nd7 11. Nc3 1-0

[Event "AUTO-INT-1226"]
[Site "http://www.queenalice.com/game.php?id=549648"]
[Date "2009.3.3"]
[Round "1"]
[White "Archer"]
[Black "fernando2008"]
[Result "1-0"]
[WhiteElo "1703"]
[BlackElo "1515"]

1. e4 d5 2. e5 Be6 3. d4 f6 4. f4 Nh6 5. h4 Bg4 6. Be2 Bxe2 7. Qxe2 f5 8. Nf3 e6
9. Qb5+ Nd7 10. Qxb7 a5 11. a3 Qb8 12. Qc6 Be7 13. Qxe6 Qb7 14. c4 dxc4 15. Qxc4
Qe4+ 16. Qe2 Ra6 17. Nc3 Qxe2+ 18. Nxe2 g6 19. O-O O-O 20. d5 Bc5+ 21. Kh1 Nb6
22. e6 Re8 23. Nc3 Nc4 24. Nb5 1-0

[Event "AUTO-INT-1226"]
[Site "http://www.queenalice.com/game.php?id=549649"]
[Date "2009.3.3"]
[Round "1"]
[White "fernando2008"]
[Black "Archer"]
[Result "0-1"]
[WhiteElo "1535"]
[BlackElo "1662"]

1. e4 e6 2. Nf3 f5 3. Bd3 f4 4. O-O Bc5 5. Nc3 Nf6 6. Ng5 h6 7. e5 O-O 8. Nge4
Nxe4 9. Bxe4 Qh4 10. d4 Bb6 11. Re1 g5 12. Qd3 g4 13. Ne2 c5 14. Bxf4 cxd4 15.
g3 Qe7 16. Bxh6 Rf7 17. Nxd4 d5 18. Bg2 Nc6 19. Qg6+ Kh8 20. c3 Nxd4 21. a4 Nc2
0-1

[Event "Challenge"]
[Site "http://www.queenalice.com/game.php?id=573752"]
[Date "2009.4.18"]
[Round "-"]
[White "pablonet"]
[Black "fernando2008"]
[Result "1-0"]
[WhiteElo "1691"]
[BlackElo "1524"]

1. e4 d5 2. exd5 Qxd5 3. Nc3 Qe5+ 4. Qe2 Qxe2+ 5. Bxe2 e5 6. Nf3 Nc6 7. Nd5 Bd6
8. Bb5 Kd8 9. Bxc6 bxc6 10. Nc3 Nf6 11. d4 1-0